000 00320nam a2200109Ia 4500
008 200302s9999 xx 000 0 und d
100 _aMathew Kurian and Others
245 _aPeri-Urban Water and Sanitaition Services Policy, Planning and Method
260 _bSpringer Verlag Published
260 _c2010
300 _a300 P.,
999 _c5373
_d5373